000 00924nam a2200253 a 4500
999 _c11657
_d11657
001 11657
003 BD-JhCC
005 20200715115834.0
008 200714b2010 bg a|||| ||a| 001 0 mul d
020 _a9843000002860
035 _a(BD-JhCC)11657
040 _aBD-JhCC
_dBD-JhCC
041 _amul
082 _a570.9
_bBAN 2010
245 _aবাংলাদেশ উদ্ভিদ ও প্রাণী জ্ঞানকোষ:
_bঅ্যানজিওস্পার্মস ডাইকটিলিডনস /
_cঅনু: লুলু বিলকিস বানু ।
260 _aঢাকা:
_bবাংলাদেশ এশিয়াটিক সোসাইটি;
_c২০১০.
300 _a426 p. :
_bill;
_c26 cm.
650 _aBiology
650 _aZoology
650 _aDisctionay
700 _aবানু, লুলু বিলকিস
942 _2ddc
_cBK